<?xml version="1.0" encoding="UTF-8"?>
<record
    xmlns:xsi="http://www.w3.org/2001/XMLSchema-instance"
    xsi:schemaLocation="http://www.loc.gov/MARC21/slim http://www.loc.gov/standards/marcxml/schema/MARC21slim.xsd"
    xmlns="http://www.loc.gov/MARC21/slim">

  <leader>00744nam0a2200265 i 4500</leader>
  <controlfield tag="001">RU\NLR\BIBL_A\011215635</controlfield>
  <controlfield tag="005">20240727041825.0</controlfield>
  <datafield tag="010" ind1=" " ind2=" ">
    <subfield code="a">9785990615014</subfield>
    <subfield code="9">300</subfield>
  </datafield>
  <datafield tag="021" ind1=" " ind2=" ">
    <subfield code="a">RU</subfield>
    <subfield code="b">2016-67654</subfield>
    <subfield code="9">4345</subfield>
  </datafield>
  <datafield tag="035" ind1=" " ind2=" ">
    <subfield code="a">(NLR Aleph) 011215635</subfield>
  </datafield>
  <datafield tag="090" ind1=" " ind2=" ">
    <subfield code="a">11995227</subfield>
    <subfield code="c">11995227</subfield>
  </datafield>
  <datafield tag="100" ind1=" " ind2=" ">
    <subfield code="a">20160919d2016    m  y0rusy50      ca</subfield>
  </datafield>
  <datafield tag="101" ind1="0" ind2=" ">
    <subfield code="a">rus</subfield>
  </datafield>
  <datafield tag="102" ind1=" " ind2=" ">
    <subfield code="a">RU</subfield>
  </datafield>
  <datafield tag="105" ind1=" " ind2=" ">
    <subfield code="a">y   z   000ay</subfield>
  </datafield>
  <datafield tag="200" ind1="1" ind2=" ">
    <subfield code="a">&#x411;&#x43E;&#x431;&#x44B;&#x43B;&#x43A;&#x430;</subfield>
    <subfield code="e">&#x440;&#x43E;&#x43C;&#x430;&#x43D;</subfield>
    <subfield code="f">&#x41B;&#x44E;&#x431;&#x43E;&#x432;&#x44C; &#x41F;&#x440;&#x435;&#x434;&#x432;&#x435;&#x447;&#x43D;&#x430;&#x44F;</subfield>
  </datafield>
  <datafield tag="210" ind1=" " ind2=" ">
    <subfield code="a">&#x421;&#x430;&#x43C;&#x430;&#x440;&#x430;</subfield>
    <subfield code="c">[&#x431;. &#x438;.]</subfield>
    <subfield code="d">2016</subfield>
  </datafield>
  <datafield tag="215" ind1=" " ind2=" ">
    <subfield code="a">227 &#x441;.</subfield>
    <subfield code="d">22</subfield>
  </datafield>
  <datafield tag="686" ind1="2" ind2=" ">
    <subfield code="a">&#x428;6(2=&#x420;)8-440.4</subfield>
  </datafield>
  <datafield tag="700" ind1=" " ind2="1">
    <subfield code="a">&#x41F;&#x440;&#x435;&#x434;&#x432;&#x435;&#x447;&#x43D;&#x430;&#x44F;</subfield>
    <subfield code="b">&#x41B;. &#x421;.</subfield>
    <subfield code="g">&#x41B;&#x44E;&#x431;&#x43E;&#x432;&#x44C; &#x421;.</subfield>
  </datafield>
  <datafield tag="942" ind1=" " ind2=" ">
    <subfield code="c">BOOK</subfield>
  </datafield>
  <datafield tag="980" ind1=" " ind2=" ">
    <subfield code="a">NBR</subfield>
  </datafield>
</record>
